AFI Top 10 Quiz Stats

 Plays Quiz Updated Oct 17, 2018

Score 0/40 Timer 08:00
0 Plays Today
Film % Correct
Back to the Future
86.5%
Star Wars Episode IV: A New Hope
85.8%
Toy Story
83.9%
Shrek
81.1%
Alien
79.2%
E.T. the Extra-Terrestrial
77.9%
Finding Nemo
77.5%
Sleepless in Seattle
71.7%
Snow White and the Seven Dwarfs
65.2%
The Lion King
62.5%
When Harry Met Sally
61.7%
Terminator 2: Judgment Day
60.3%
Annie Hall
59.3%
Blade Runner
52.4%
Moonstruck
51.8%
Unforgiven
51.7%
Cinderella
48.7%
A Clockwork Orange
45.1%
Butch Cassidy and the Sundance Kid
44.9%
2001: A Space Odyssey
44.7%
Film % Correct
Beauty and the Beast
44%
Fantasia
42.9%
High Noon
35.7%
The Searchers
30.3%
Bambi
30.1%
Pinocchio
29.1%
Shane
28.7%
It Happened One Night
28.3%
City Lights
24.4%
The Philadelphia Story
24.4%
Roman Holiday
21.7%
The Day the Earth Stood Still
21.6%
Stagecoach
21.1%
Harold and Maude
18.8%
Invasion of the Body Snatchers
15.1%
Cat Ballou
14.8%
The Wild Bunch
14.3%
Adam's Rib
14.1%
Red River
10.1%
McCabe and Mrs. Miller
8.9%

You're not logged in!

Compare scores with friends on all Sporcle quizzes.
OR
Log In

Sporcle TV

Today on Sporcle TV


Watch our educational content, quiz creation guides, and fun videos on Sporcle TV.

Show Comments

Extras

Top Quizzes Today


Score Distribution

Your Account Isn't Verified!

In order to create a playlist on Sporcle, you need to verify the email address you used during registration. Go to your Sporcle Settings to finish the process.

Report this User

Report this user for behavior that violates our Community Guidelines.

Details: